<?xml version="1.0" encoding="UTF-8"?>
<record
    xmlns:xsi="http://www.w3.org/2001/XMLSchema-instance"
    xsi:schemaLocation="http://www.loc.gov/MARC21/slim http://www.loc.gov/standards/marcxml/schema/MARC21slim.xsd"
    xmlns="http://www.loc.gov/MARC21/slim">

  <leader>01911nam a2200397   4500</leader>
  <controlfield tag="003">OSt</controlfield>
  <controlfield tag="005">20260601193849.0</controlfield>
  <controlfield tag="008">260508b2000    MX ||||| |||| 00| 0 eng d</controlfield>
  <datafield tag="040" ind1=" " ind2=" ">
    <subfield code="a">ICI</subfield>
    <subfield code="b">SPA</subfield>
    <subfield code="c">ICI</subfield>
  </datafield>
  <datafield tag="041" ind1=" " ind2=" ">
    <subfield code="a">SPA/ENG</subfield>
  </datafield>
  <datafield tag="050" ind1=" " ind2=" ">
    <subfield code="a">NA687</subfield>
    <subfield code="b">P33</subfield>
  </datafield>
  <datafield tag="100" ind1=" " ind2="1">
    <subfield code="a">Fideicomiso Expo Hannover 2000</subfield>
    <subfield code="9">32013</subfield>
  </datafield>
  <datafield tag="245" ind1=" " ind2="1">
    <subfield code="a">Pabell&#xF3;n de M&#xE9;xico </subfield>
    <subfield code="b">Expo 2000 Hannover /</subfield>
    <subfield code="c">Fideicomiso Expo Hannover 2000 ; coordinaci&#xF3;n editorial, Mar&#xED;a &#xC1;ngeles Gonz&#xE1;lez ; producci&#xF3;n fotogr&#xE1;fica y cuidado de edici&#xF3;n, Manolo Tius Caso ; textos, Gabriel Figueroa Flores, Rafael Doniz, Jos&#xE9; Antonio Mendiz&#xE1;bal, Marco Aurelio Torres ; fotograf&#xED;a, Roc&#xED;o Mireles ; dise&#xF1;o, David Castledine ; English translation, [traductor no identificado].</subfield>
  </datafield>
  <datafield tag="264" ind1=" " ind2=" ">
    <subfield code="a">M&#xE9;xico :</subfield>
    <subfield code="b">Fideicomiso Expo Hannover 2000,</subfield>
    <subfield code="c">2000.</subfield>
  </datafield>
  <datafield tag="300" ind1=" " ind2=" ">
    <subfield code="a">50 p&#xE1;ginas</subfield>
    <subfield code="b">ilustraciones a color, fotograf&#xED;as</subfield>
  </datafield>
  <datafield tag="336" ind1=" " ind2=" ">
    <subfield code="a">texto</subfield>
    <subfield code="2">rdacontent</subfield>
  </datafield>
  <datafield tag="337" ind1=" " ind2=" ">
    <subfield code="a">sin medio</subfield>
    <subfield code="2">rdamedia</subfield>
  </datafield>
  <datafield tag="338" ind1=" " ind2=" ">
    <subfield code="a">volumen</subfield>
    <subfield code="2">rdacarrier</subfield>
  </datafield>
  <datafield tag="500" ind1=" " ind2=" ">
    <subfield code="a">Cat&#xE1;logo y memoria documental del Pabell&#xF3;n de M&#xE9;xico presentado en la Expo 2000 Hannover.</subfield>
  </datafield>
  <datafield tag="611" ind1=" " ind2=" ">
    <subfield code="a">Expo Hannover</subfield>
    <subfield code="9">32014</subfield>
  </datafield>
  <datafield tag="650" ind1=" " ind2=" ">
    <subfield code="a">Pabellones de exposiciones</subfield>
    <subfield code="z">M&#xE9;xico.</subfield>
    <subfield code="9">32015</subfield>
  </datafield>
  <datafield tag="650" ind1=" " ind2=" ">
    <subfield code="a">Arquitectura mexicana contempor&#xE1;nea.</subfield>
    <subfield code="9">32016</subfield>
  </datafield>
  <datafield tag="650" ind1=" " ind2=" ">
    <subfield code="a">Exposiciones universales</subfield>
    <subfield code="z">Alemania, Hannover.</subfield>
    <subfield code="9">32017</subfield>
  </datafield>
  <datafield tag="650" ind1=" " ind2=" ">
    <subfield code="a">Dise&#xF1;o arquitect&#xF3;nico</subfield>
    <subfield code="z">M&#xE9;xico.</subfield>
    <subfield code="9">32018</subfield>
  </datafield>
  <datafield tag="650" ind1=" " ind2=" ">
    <subfield code="a">Identidad nacional en la arquitectura.</subfield>
    <subfield code="9">32019</subfield>
  </datafield>
  <datafield tag="650" ind1=" " ind2=" ">
    <subfield code="a">Arquitectura ef&#xED;mera.</subfield>
  </datafield>
  <datafield tag="700" ind1=" " ind2=" ">
    <subfield code="a">Gonz&#xE1;lez, Mar&#xED;a &#xC1;ngeles</subfield>
    <subfield code="e">coordinadora editorial.</subfield>
    <subfield code="9">32021</subfield>
  </datafield>
  <datafield tag="700" ind1=" " ind2=" ">
    <subfield code="a">Tius Caso, Manolo,</subfield>
    <subfield code="e">editor, fot&#xF3;grafo.</subfield>
    <subfield code="9">32022</subfield>
  </datafield>
  <datafield tag="700" ind1=" " ind2=" ">
    <subfield code="a">Figueroa Flores, Gabriel</subfield>
    <subfield code="e">autor.</subfield>
    <subfield code="9">5619</subfield>
  </datafield>
  <datafield tag="700" ind1=" " ind2=" ">
    <subfield code="a">Doniz, Rafael,</subfield>
    <subfield code="e">autor.</subfield>
    <subfield code="9">32023</subfield>
  </datafield>
  <datafield tag="700" ind1=" " ind2=" ">
    <subfield code="a">Mendiz&#xE1;bal, Jos&#xE9; Antonio,</subfield>
    <subfield code="e">autor.</subfield>
    <subfield code="9">32024</subfield>
  </datafield>
  <datafield tag="700" ind1=" " ind2=" ">
    <subfield code="a">Torres, Marco Aurelio,</subfield>
    <subfield code="e">autor.</subfield>
    <subfield code="9">32025</subfield>
  </datafield>
  <datafield tag="700" ind1=" " ind2=" ">
    <subfield code="a">Mireles, Roc&#xED;o,</subfield>
    <subfield code="e">fot&#xF3;grafa.</subfield>
    <subfield code="9">32026</subfield>
  </datafield>
  <datafield tag="700" ind1=" " ind2=" ">
    <subfield code="a">Castledine, David,</subfield>
    <subfield code="9">32027</subfield>
  </datafield>
  <datafield tag="942" ind1=" " ind2=" ">
    <subfield code="2">lcc</subfield>
    <subfield code="c">B</subfield>
    <subfield code="n">1</subfield>
  </datafield>
  <datafield tag="999" ind1=" " ind2=" ">
    <subfield code="c">21789</subfield>
    <subfield code="d">21789</subfield>
  </datafield>
  <datafield tag="952" ind1=" " ind2=" ">
    <subfield code="0">0</subfield>
    <subfield code="1">0</subfield>
    <subfield code="2">lcc</subfield>
    <subfield code="4">0</subfield>
    <subfield code="7">0</subfield>
    <subfield code="a">BDIMFM</subfield>
    <subfield code="b">BDIMFM</subfield>
    <subfield code="d">2026-05-08</subfield>
    <subfield code="l">0</subfield>
    <subfield code="o">NA687 P33</subfield>
    <subfield code="p">BDIMFM000880</subfield>
    <subfield code="r">2026-05-08 19:29:00</subfield>
    <subfield code="t">Ej. 1</subfield>
    <subfield code="w">2026-05-08</subfield>
    <subfield code="y">B</subfield>
  </datafield>
</record>
